000
00258nam a22001217a 4500
008
181207b xxu||||| |||| 00| 0 eng d
041
_a
eng
080
_2
4 TH
_a
591
100
_a
7
101
_a
ZOO
245
_a
General Zoology
_c
Steve.m
942
_2
udc
_c
BK
999
_c
52988
_d
52988